| 000 | 00798nam a22002417a 4500 | ||
|---|---|---|---|
| 003 | UA-OsUOA | ||
| 001 | 132948 | ||
| 007 | ta | ||
| 008 | 20180921b un ||||| |||| 00| 0 ukr d | ||
| 090 |
_a821.161.2 _bН72 |
||
| 942 | _cBK | ||
| 040 |
_aUA-OsUOA _bukr _cUA-OsUOA _dUA-OsUOA |
||
| 245 |
_aНове слово _bпосібник-хрестоматія до курсу "Історія української літератури кінця XVIII - 60 років ХІХ століття" _cЛ. М. Задорожна |
||
| 300 | _a765 с. | ||
| 955 | _a2 | ||
| 041 | _aukr | ||
| 080 | _a821.161.2 | ||
| 020 | _a978-966-439-583-7 | ||
| 260 |
_aК. _bВПЦ КУ _c2012 |
||
| 246 | 3 | 1 |
_aкн. 1 _n |
| 650 | 7 |
_a82 Література. Літературознавство _2UDC |
|
| 999 |
_c421484 _d421484 |
||